| 000 | 01604nam a22002417a 4500 | ||
|---|---|---|---|
| 005 | 20250530151522.0 | ||
| 008 | 250414b |||||||| |||| 00| 0 eng d | ||
| 020 | _a9781032825403 | ||
| 040 |
_aSDCL _cSDCL |
||
| 041 |
_2eng _aeng |
||
| 084 | _aY15 R4 | ||
| 245 |
_aMaking the 'Woman' : _bDiscourses of gender in 18th-19th century India |
||
| 260 |
_aLondon : _bRoutledge, _c2024. |
||
| 300 | _axxi, 218p. | ||
| 520 | _aThe book examines the representation of women, their agency and subjectivity and gender relations in 18th- and 19th-century India. The chapters in the volume interrogate notions and discourses of ‘women’ and ‘gender’ during the period, historically shaped by multiple and even competing actors, practices and institutions. They highlight the ‘making of the woman’ across a wide spectrum of subject areas, regions and roles and attempt to understand the contradictions and differences in social experiences and identity formations of women. The volume also deals with prevalent notions of masculinity and femininity, normative and non-conformist expressions of gender and sexual identity and epistemological concerns of gender, especially in its intersectional interplay with other axes of caste, class, race, region and empire. | ||
| 650 |
_aHistory / Asia / South / General _9811150 |
||
| 650 |
_aSocial Science / Gender Studies _9753077 |
||
| 650 |
_aWomen -- History -- 18th century -- India -- 19th century _9811231 |
||
| 700 |
_aDutta, Sutapa _9752258 |
||
| 700 |
_aTandon, Shivangini _9811232 |
||
| 942 |
_2CC _cTEXL _n0 |
||
| 999 |
_c1308960 _d1308960 |
||